| Tag |
First Indicator |
Second Indicator |
Subfields |
| LEADER |
00000cam a22000008a 4500 |
| 001 |
in00001507421 |
| 005 |
20151021092747.0 |
| 008 |
981130s1998 xx b 000 0 eng d |
| 020 |
|
|
|a 0730966216 :
|c $35.00
|
| 035 |
|
|
|a (OCoLC)40620399
|
| 035 |
|
|
|9 AJK3763AM
|
| 040 |
|
|
|a AUT
|c AUT
|d TXA
|d UtOrBLW
|
| 043 |
|
|
|a u-at-we
|
| 049 |
|
|
|a TXAM
|
| 082 |
0 |
4 |
|a 551.71509941
|2 21
|
| 090 |
|
|
|a QE348
|b .A23 no.62
|
| 100 |
1 |
|
|a Martin, David McBryde.
|
| 245 |
1 |
0 |
|a Lithostratigraphy and structure of the Palaeoproterozoic lower Padbury Group, Milgun 1:100 000 sheet, Western Australia /
|c by D. McB. Martin.
|
| 263 |
|
|
|a 9812
|
| 264 |
|
1 |
|a East Perth :
|b Geological Survey of Western Australia,
|c 1998.
|
| 300 |
|
|
|a 58 pages :
|b illustrations
|
| 336 |
|
|
|a text
|b txt
|2 rdacontent
|
| 337 |
|
|
|a unmediated
|b n
|2 rdamedia
|
| 338 |
|
|
|a volume
|b nc
|2 rdacarrier
|
| 490 |
1 |
|
|a Report / Geological Survey of Western Australia,
|x 0508-4741 ;
|v 62
|
| 504 |
|
|
|a Bibliography.
|
| 650 |
|
0 |
|a Geology, Stratigraphic
|y Proterozoic.
|
| 650 |
|
0 |
|a Geology, Structural
|z Australia
|z Western Australia
|z Padbury Basin.
|
| 710 |
2 |
|
|a Geological Survey of Western Australia.
|
| 830 |
|
0 |
|a Report (Geological Survey of Western Australia) ;
|v no. 62.
|
| 948 |
|
|
|a c:blr
|
| 999 |
|
|
|a MARS
|
| 999 |
f |
f |
|s 265c8e4c-a8fe-3490-901f-1605bde90f54
|i 392a68a3-6b81-30ed-81b4-7996cce8e52a
|t 0
|
| 952 |
f |
f |
|p ric
|a Texas A&M University
|b Rellis Campus
|c Joint Library Facility
|s JLF
|d Remote Storage
|t 0
|e QE348 .A23 no.62
|h Library of Congress classification
|i unmediated -- volume
|k no.62
|m A14842223910
|
| 998 |
f |
f |
|a QE348 .A23 no.62
|t 0
|l Remote Storage
|